Судовая механика для судоводителей. Задание 3 (Запись № 13581485)

Подробности
000 -МАРКЕР
контрольное поле 01170nam2a2200229 4500
001 - ИДЕНТИФИКАТОР ЗАПИСИ
контрольное поле rc\2867759
005 - ИДЕНТИФИКАТОР ВЕРСИИ
контрольное поле 20260315051426.0
035 ## - ДРУГИЕ СИСТЕМНЫЕ НОМЕРА
Идентификатор записи (NLR Aleph) 007021424
100 ## - ДАННЫЕ ОБЩЕЙ ОБРАБОТКИ
Данные общей обработки 20110731d1932 u y0rusy50 ca
101 0# - ЯЗЫК РЕСУРСА
Язык текста, звукозаписи и т.д. русский
102 ## - СТРАНА ПУБЛИКАЦИИ ИЛИ ПРОИЗВОДСТВА
Страна публикации Российская Федерация
105 ## - ПОЛЕ КОДИРОВАННЫХ ДАННЫХ: ТЕКСТОВЫЕ МАТЕРИАЛЫ, МОНОГРАФИЧЕСКИЕ
Кодированные данные о монографическом текстовом документе a z |||||
200 0# - ЗАГЛАВИЕ И СВЕДЕНИЯ ОБ ОТВЕТСТВЕННОСТИ
Основное заглавие Задание 3
210 ## - ПУБЛИКАЦИЯ, РАСПРОСТРАНЕНИЕ И ДР.
Дата издания, распространения и т.д. 1932
215 ## - ФИЗИЧЕСКАЯ ХАРАКТЕРИСТИКА
Специфическое обозначение материала и объем 40 с., 1 вкл. л. черт.
Другие сведения о физической характеристике ил., черт.
461 #0 - УРОВЕНЬ НАБОРА
Встроенное поле 001rc\2867757
-- 2000#$aСудовая механика для судоводителей$eЗадание 1-$fСоставил С.П. Фролов$gЦентр. политехн. заоч. ин-т транспорта ... Речное и морское судоводительское отд-ние$vЗадание 3
Системный номер (АБИС) связанной записи 5912553
Автор Центральный политехнический заочный институт транспорта (Москва)
Место публикации [Москва]
Дата публикации 1931
Первые сведения об ответственности Составил С.П. Фролов
Имя издателя, распространителя и т.д. Огиз
Сведения, относящиеся к заглавию Задание 1-
Заглавие Судовая механика для судоводителей
Номер тома Задание 3
801 #0 - ИСТОЧНИК ЗАПИСИ
Страна Российская Федерация
Организация NLR
Правила каталогизации psbo
801 #1 - ИСТОЧНИК ЗАПИСИ
Страна Российская Федерация
Организация ELAR
Источник данных rusmarc
852 ## - МЕСТОНАХОЖДЕНИЕ И ШИФР ХРАНЕНИЯ
Идентификатор организации NLR
Шифр хранения (Call Number) 31-17/484
942 ## - ДОПОЛНИТЕЛЬНЫЕ ЭЛЕМЕНТЫ ЗАПИСИ (АБИС)
Тип экземпляра АБИС Неопределено
980 ## - КОЛЛЕКЦИЯ
Название коллекции Национальная библиография

Нет доступных экземпляров.